00511nam a2200193 a 4500001001300000003000900013005001700022008004100039020001000080082001800090100001900108245003500127260003400162300000900196500003500205505003300240650002500273700001900298nice12345678IN_TiNIC20260116013834.0050524s1997 dela grp 000 0 eng  ac50000a297.0072bTAH aTaher, Mahmood aMedieval Muslim Historiography aDelhibAnmol Publishersc1997 a279p aincludes index and biblioraphy2 aSelected Bibliography, Index aIslam-Historiography1 aTaher, Mahmood